Cuentas del estado español : estadística de los presupuestos generales del estado y de los resultados que ha ofrecido su liquidación estadística de los presupuestos generales del estado y de los resultados que ha ofrecido su liquidación
Descripción Física:
4 v. ; 30 cm
Materias:
Finances públiques -- Espanya
MARC
| LEADER | 00000nam a2200000Ia 4500 | ||
|---|---|---|---|
| 001 | 1002, 1003, 1001, 8093 | ||
| 008 | 160829s19-- ? xx 000 0 cat d | ||
| 080 | |a M-3-178, M-3-179, M-3-180, M-3-181 | ||
| 245 | |a Cuentas del estado español : |b estadística de los presupuestos generales del estado y de los resultados que ha ofrecido su liquidación | ||
| 260 | |a Madrid : |b Ministerio de Hacienda. Instituto de Estudios Fiscales, |c 19-- ? | ||
| 300 | |a 4 v. ; |c 30 cm | ||
| 650 | 0 | |a Finances públiques |z Espanya |9 18741 | |
| 866 | |a 1850 a 1890-91, 1890-91 a 1907, 1908 a 1923-24, 1924 a 1935 | ||
| 901 | |a Arxiu | ||
| 942 | |n 1 | ||
| 952 | |0 0 |1 0 |4 0 |6 M3178_M3179_M3180_M3181 |7 1 |9 48644 |a Arxiu |b Arxiu |d 2016-12-01 |l 0 |o M-3-178, M-3-179, M-3-180, M-3-181 |p 1002, 1003, 1001, 80 |r 2016-12-01 00:00:00 |w 2016-12-01 |y ARXIU | ||
| 999 | |c 52474 |d 52474 | ||